| 000 | 00000nam 2200000zi 4500 |
| 001 | 9.934339 |
| 003 | CaOODSP |
| 005 | 20250122110709 |
| 006 | m o d f |
| 007 | cr bn||||||||| |
| 008 | 240222e19810403onc ob f000 0 eng d |
| 040 | |aCaOODSP|beng|erda|cCaOODSP |
| 043 | |an-cn---|an-us--- |
| 086 | 1 |aId32-30/1981E-PDF |
| 245 | 02|aA market study of residential furniture in the greater New York City area / |cRoss Associates. |
| 264 | 1|aOttawa, Canada : |bDepartment of Industry, Trade and Commerce, |cApril 3, 1981. |
| 300 | |a1 online resource (1 volume (various pagings)) |
| 336 | |atext|btxt|2rdacontent |
| 337 | |acomputer|bc|2rdamedia |
| 500 | |aDigitized edition from print [produced by Innovation, Science and Economic Development Canada]. |
| 500 | |aIssued also in French under title: Le mobilier résidentiel dans la zone métropolitaine de New York. |
| 504 | |aIncludes bibliographical references. |
| 650 | 0|aFurniture industry and trade|zCanada. |
| 650 | 0|aFurniture industry and trade|zNew York Metropolitan Area. |
| 710 | 1 |aCanada. |bDepartment of Industry, Trade and Commerce, |eissuing body. |
| 710 | 2 |aRoss Associates Inc., |econsultant. |
| 775 | 08|tLe mobilier résidentiel dans la zone métropolitaine de New York / |w(CaOODSP)9.947245 |
| 856 | 40|qPDF|s1.42 MB|uhttps://publications.gc.ca/collections/collection_2025/isde-ised/id32/Id32-30-1981-eng.pdf |